Final Assisted Areas map published (Record no. 106016)

MARC details
000 -LEADER
fixed length control field 01042cam a2200205 4500
001 - CONTROL NUMBER
control field ##L135349
008 - FIXED-LENGTH DATA ELEMENTS--GENERAL INFORMATION
fixed length control field 061017n2006 000 0 eng u
035 ## - SYSTEM CONTROL NUMBER
System control number (Sirsi) u135349
041 0# - LANGUAGE CODE
Language code of text/sound track or separate title eng
050 04 - LIBRARY OF CONGRESS CALL NUMBER
Classification number 338.9418
110 1# - MAIN ENTRY--CORPORATE NAME
Corporate name or jurisdiction name as entry element United Kingdom
Subordinate unit Department of Trade and Industry
245 00 - TITLE STATEMENT
Title Final Assisted Areas map published
Remainder of title and good news for Areas left out
260 3# - PUBLICATION, DISTRIBUTION, ETC.
Place of publication, distribution, etc. London
Name of publisher, distributor, etc. DTI
Date of publication, distribution, etc. 2006
520 ## - SUMMARY, ETC.
Summary, etc. Discusses the UK government map of assisted areas, which shows the zones where businesses can apply for regional aid for the next seven years. Also looks at a new package of measures set up by the Government to help areas currently left off the map. Provides a link to the map and further details in the notes to editors section.
590 ## - LOCAL NOTE (RLIN)
Local note IKA031106
651 #4 - SUBJECT ADDED ENTRY--GEOGRAPHIC NAME
Geographic name GREAT BRITAIN
690 ## - LOCAL SUBJECT ADDED ENTRY--TOPICAL TERM (OCLC, RLIN)
Topical term or geographic name as entry element ENVIRONMENTAL AND LAND CONSULTANCY-PLANNING AND DEVELOPMENT-STRATEGIC PLANNING
856 40 - ELECTRONIC LOCATION AND ACCESS
Uniform Resource Identifier <a href="https://www.whitehallpages.net/news/archive/7372">https://www.whitehallpages.net/news/archive/7372</a>
Public note View the item free of charge at the www.whitehallpages.net website.
942 ## - ADDED ENTRY ELEMENTS (KOHA)
Suppress in OPAC 0
Holdings
Withdrawn status Lost status Source of classification or shelving scheme Damaged status Not for loan Home library Current library Shelving location Date acquired Total Checkouts Full call number Barcode Date last seen Copy number Price effective from Koha item type
    Dewey Decimal Classification     Virtual Virtual Online 17/10/2006   ONLINE PUBLICATION 135349-2001 06/08/2019 1 06/08/2019 Book